Schaum's outline of theory and problems of beginning finite mathematics / (Record no. 154224)

MARC details
000 -LEADER
fixed length control field 01006cam a2200289 a 4500
003 - CONTROL NUMBER IDENTIFIER
control field dpl
005 - DATE AND TIME OF LATEST TRANSACTION
control field 20180717165556.0
008 - FIXED-LENGTH DATA ELEMENTS--GENERAL INFORMATION
fixed length control field 0
020 ## - INTERNATIONAL STANDARD BOOK NUMBER
International Standard Book Number 0070604878
Terms of availability 0.00
035 ## - SYSTEM CONTROL NUMBER
System control number B-190493
040 ## - CATALOGING SOURCE
Original cataloging agency DPL
Transcribing agency 0
082 00 - DEWEY DECIMAL CLASSIFICATION NUMBER
Classification number 510
Item number LIP
100 1# - MAIN ENTRY--PERSONAL NAME
Personal name Lipschutz, Seymour.
245 10 - TITLE STATEMENT
Title Schaum's outline of theory and problems of beginning finite mathematics /
Statement of responsibility, etc by Seymour Lipschutz, John J. Schiller, R. Alu Srinivasan.
246 30 - VARYING FORM OF TITLE
Title proper/short title Theory and problems of beginning finite mathematics
246 14 - VARYING FORM OF TITLE
Title proper/short title Beginning finite mathematics
260 ## - PUBLICATION, DISTRIBUTION, ETC. (IMPRINT)
Place of publication, distribution, etc New Delhi
Name of publisher, distributor, etc McGraw-Hill,
Date of publication, distribution, etc 2005.
300 ## - PHYSICAL DESCRIPTION
Extent x,349p. :
Other physical details ill.;
Dimensions 28cm.
490 1# - SERIES STATEMENT
Series statement Schaum's outlines
500 ## - GENERAL NOTE
General note Includes index.
650 #0 - SUBJECT ADDED ENTRY--TOPICAL TERM
Topical term or geographic name as entry element Mathematics
Form subdivision Problems, exercises, etc.
700 1# - ADDED ENTRY--PERSONAL NAME
Personal name Schiller, John J.
700 1# - ADDED ENTRY--PERSONAL NAME
Personal name Srinivasan, R. Alu.
830 #0 - SERIES ADDED ENTRY--UNIFORM TITLE
Uniform title Schaum's outline series.
942 ## - ADDED ENTRY ELEMENTS (KOHA)
Source of classification or shelving scheme Dewey Decimal Classification
Koha item type English Books
Classification part 510
Call number suffix LIP
Holdings
Withdrawn status Lost status Source of classification or shelving scheme Damaged status Not for loan Collection code Home library Current library Date acquired Source of acquisition Cost, normal purchase price Total Checkouts Full call number Barcode Date last seen Cost, replacement price Price effective from Koha item type
    Dewey Decimal Classification     Non-fiction Patel Nagar Patel Nagar 17/07/2018 BPPD/PUB 0.00   510 LIP B-190493 17/07/2018 0.00 17/07/2018 English Books
    Dewey Decimal Classification     Non-fiction Sarojini Nagar Sarojini Nagar 27/04/2019       510 LIP B-190495 27/04/2019   27/04/2019 English Books

© Delhi Public Library
Hit Counter
free hit counter